MDQL
is popping MORE tags! Check the
thread
!
Quizzes
Events
Quiz Creation
Community
Videos
Private Events
Remove Ads
Sign In
Join for FREE
Feedback
Dark Mode
Quiz Categories
Sports
Geography
Music
Movies
Television
Just For Fun
Miscellaneous
History
Literature
Language
Science
Gaming
Entertainment
Religion
Holiday
For Kids
Quiz Lab
Recent
Popular Today
Quiz Kudos Today
Editor Picks
Curator Picks
Quizzes by...
Day
Popularity
Type
Ratings
Length
Year
Community
Subscriptions
Recent Discussions
Orange Saloon
Badges
Playlists
Quests
Create
Leaderboards
Showdown
Live 5
Trivia Bingo
Activity
Puzzle Library
Sporcle Events
Private Events
Virtual Trivia
Globe League
Become a Host
Pub Owners
SporcleCon
Opinionation
Our Games
Videos
Blog
Mobile Apps
Partnerships
Remove Ads and Go Orange
Feedback
Science
Computer
Plants
Astronomy
Chemistry
Elements
Math
Animal
Physics
Anatomy
Biology
Geology
General Science
Science
Computer
Plants
Astronomy
Chemistry
Elements
Math
Animal
Physics
Anatomy
Biology
Geology
General Science
Random Quiz
Search Sporcle
×
Quiz Lab
Quiz Lab
Science
Chemistry
Type in answers that appear in a list
Type in answers that appear in a list
Classic
Best Score? Go Orange.
Common Household Chemicals Stats
Can you name the common names of household chemicals?
By
trumpeteerx
7m
20 Questions
173 Plays
173 Plays
173 Plays
Comments
Comments
Give Quiz Kudos
Give Quiz Kudos
-
- Ratings
hide this ad
More Info
Replay
Link that replays current quiz
Next Quiz
Link to next quiz in quiz playlist
You Got
0%
They Got
Avg Score
54%
Avg Friend Score
Upgrade to see
Score Distribution
Jump to the score distribution portion of the page
Score
0/20
Timer
07:00
0
Plays Today
Chemical / Formula
Common Name
% Correct
NaCl Sodium Chloride
Table Salt
91.9%
NaOCl Sodium Hypochlorite
Bleach
71.7%
NaHCO3 Sodium Bicarbonate
Baking Soda
67.6%
CH3COOH Acetic Acid
Vinegar
67.1%
H20 Dihydrogen Monoxide
Water
63%
CO2
Carbon Dioxide
61.8%
C Carbon, Planar Structure
Graphite
60.1%
C12H22O11
Table Sugar
57.8%
NH3
Ammonia
57.2%
C Carbon, Network Structure
Diamond
55.5%
Chemical / Formula
Common Name
% Correct
H2O2
Hydrogen Peroxide
54.3%
C3H8
Propane
53.2%
C4H10
Butane
49.1%
C3H6O
Acetone
47.4%
C2H5OH, CH3CH2OH
Ethanol (Alcohol)
46.8%
HCl
Muriatic Acid
45.1%
C2H3Cl (repeating)
PVC
37.6%
SiO2 Silicon Dioide
Glass
36.4%
NaOH, KOH Sodium or Potassium Hydroxide
Lye
35.3%
C3H8O, (CH3)2CHOH
Rubbing Alcohol
28.9%
Quiz Playlist
Details
Report
Send in Message
Add To Playlist
More Info:
Guessing Common Names of Common Household Chemicals.
Classic:
Type in answers that appear in a list
Quiz Source
Last Updated: Feb 16, 2017
Quiz Scoreboard
CHALLENGE
Sign Up to Join the Scoreboard
Show All
Scores
Hide
Comments
May contain spoilers
Recently Published
Colored Red Africa Blitz
by spor1
Geography
30s
Find the 'City' Movie
by crazypaving
Movies
60s
5x2 Blitz: Bands
by SL_Kpop136
Music
30s
More to Explore
Quiz From the Vault
Featured Blog Post
14 Easter Pick-up Lines to Find Eggs With
hide this ad
You Might Also Like...
Tags
Chemistry Quiz
Elements Quiz
house
household
Today's Top Quizzes in Science
Browse Science
hide this ad
Today's Top Quizzes in Chemistry
Browse Chemistry
Top Contributed Quizzes in Science
1
Glycolysis
2
Square Numbers Scrambled (1-50)
3
Astronomy Spelling Bee
4
Vet Tech Pharmacology Drug Contraindications
5
Missing Vowel Minefield: Lanthanides
6
Sorting Squares: Animals by Continent
7
'C' Flowers II
8
Criteria Quiz: The Solar System
9
Quick Pick: Radians
10
Elements In Images
Explore More
Trending Topics
Harry Potter
Anime
Crossword
NBA
Kpop
Disney
Marvel
Song
WWE
Soccer
The Office
NFL
Pokémon
Country
Puzzle
hide this ad
More By:
trumpeteerx
Quiz
Plays
Rating
Category
Featured
Created
Common Household Chemicals
173
4.00
Science
Feb 22, 2012
Go to Creator's Profile
Score Distribution
Quiz Creator Spotlight
trumpeteerx
Follow
Send a Message
Quizzes Created
-
Created Quiz Play Count
-
More By This Creator
Popular Quizzes Today
1
Colored Red Africa Blitz
2
Find the 'City' Movie
3
5x2 Blitz: Bands
4
Find the US States - No Outlines Minefield
5
The Countries of the World
6
Find the US States
7
US States
8
Find the Countries of Europe - No Outlines Minefield
More Science Quizzes
Animal Mix II
Published
Trending Quizzes
Colored Red Europe Blitz I
Colored Red Europe Blitz II
Colored Red Africa Blitz II
Colored Red Europe Blitz III
Colored Red Africa Blitz III
Recently Updated
How Do You Spell That?
pecheneg
Godzilla Movies
pecheneg
Grab Bag: 4-10 Letters
pecheneg
2024 March Madness Bracket
pecheneg
Famous TV Couples
Peacemaker
Champions League XIs: Real Madrid
pecheneg
Largest US Cities 1790-2010
pecheneg
Rides in Walt Disney World
pecheneg
Most Oscar Losses (Acting)
pecheneg
Beyoncé Albums
pecheneg
Trending Topics
Crossword
Kpop
Disney
Marvel
Harry Potter
Anime
NBA
WWE
Pokémon
NFL
Soccer
Puzzle
The Office
Song
Country
Your Account Isn't Verified!
In order to create a playlist on Sporcle, you need to verify the email address you used during registration. Go to your
Sporcle Settings
to finish the process.
Report this User
Report this user for behavior that violates our
Community Guidelines
.
Details:
Send Report
Go to the Sporcle.com Mobile Site →
Comments